000 00939nam a2200193Ia 4500
001 21900
003 GE_BSU
008 181216s||||||||xx |||||||||||||| ||und||
040 _cGE_BSU
080 _aპერიოდიკა
245 _aსაქართველოს სოფლის მეურნეობის მეცნიერებათა აკადემია. მოამბე. 27
245 _cმთავ. რედ. ჭალაგანიძე ს.
250 _aსაქართველოს სოფლის მეურნეობის მეცნიერებათა აკადემია
260 _aთბილისი
260 _c2010
300 _a416 გვ. 30სმ.
653 _aსაქართველოს სოფლის მეურნეობის მეცნიერებათა აკადემია. მოამბე. 27
942 _cCR
999 _c54831
_d54831